Vitráže

Guardado en:
Detalles Bibliográficos
Autor principal: Losos, Ludvík (Autor)
Formato: Libro
Publicado: Praha : Grada Publishing, 2006
Materias:
Etiquetas: Agregar Etiqueta
Sin Etiquetas, Sea el primero en etiquetar este registro!

MARC

LEADER 00000nam a22000003a 4500
001 stu107088
005 20190206132429.5
008 060208s2006----------------------------d
020 |a 80-247-1405-1 
040 |a STU  |b slo 
041 0
100 1 |a Losos, Ludvík  |4 aut 
245 1 |a Vitráže 
260 |a Praha :  |b Grada Publishing,  |c 2006 
300 |a 116 s 
650 7 |a vitráž  |2 stusub 
650 7 |a sklo  |2 stusub 
650 7 |a okná  |2 stusub 
996 |b 284AU01853  |c A*4545 U  |l AAKNAR  |s A  |a 24  |w stu107088_0001